000 00422nam a2200193Ia 4500
003 0100
008 130303s9999 xx 000 0 und d
040 _cARRUPELIB
050 _aB377.A22B62
100 _aPlato
245 _aPlato Meno
260 _aCambridge
260 _bCambridge University Press
260 _C1961
300 _a473p.
300 _b 22cm
700 _aBluck, Richard Stanley
942 0 0 _01
999 _c45665
_d45665